000 00457nam a2200181 a 4500
001 1770730792131
003 YourLibrary
005 20260210191220.0
008 260210s2009##################000#0#eng##
020 _a9781594517204
082 0 4 _a306.483
_bEIT
100 1 _aEitzen, D. Stanley,
_eauthor.
245 1 0 _aSport in Contemporary Society :
260 _c2009.
650 0 _aSports.
942 _cENGLISH
040 _aYourLibrary
_beng
_cYourLibrary
999 _c611522
_d611522